000 00488nam a2200169Ia 4500
008 210719s1993 xx 000 0 und d
020 _a0471634255
041 _aeng
082 _a658.15 LANS
100 _aLANG (Hans J);MERINO (Donald N)
245 _aSelection process for capital projects
260 _aNew York.
_bJohn Wiley and Sons
_c1993
300 _axxi,697
_bHB
365 _cRs
650 _aFinancial Management
906 _acapital ; for ; process ; projects ; Selection
999 _c213621
_d213621